000 01078nam a22002417a 4500
999 _c8163
_d8163
005 20251125232818.0
008 s2541 th tha d
020 _a9743211845
040 _aNALT
041 _atha
050 _aD921 อ555ต 2541
100 0 _aอัมพร จิรัฐติกร
245 1 0 _aตามเสด็จ ไกลบ้าน [2nd]
260 3 _aกรุงเทพฯ :
_bมติชน,
_c2541
300 _a220 หน้า :
_b ภาพประกอบ, แผนที่ ;
_c 22 ซม.
650 0 4 _aจุลจอมเกล้าเจ้าอยู่หัว, พระบาทสมเด็จพระ, 2396--2453
650 0 4 _aยุโรป -- ภูมิประเทศและการท่องเที่ยว
650 0 4 _aไทย -- ประวัติศาสตร์ -- กรุงรัตนโกสินทร์, รัชกาลที่ 5
850 _aNALT
856 4 0 _uhttps://hdl.handle.net/20.500.14156/331208
_71
942 _cGB
_2lcc